Capitals of Countries with More Than One Capital City - Statistics

General Stats
  • This quiz has been taken 142 times
  • The average score is 21 of 33
Answer Stats
Country Capitals % Correct
Chile Official capital; seat of national administrative and judicial bodies Santiago
98%
Netherlands De jure capital under the Constitution of the Netherlands Amsterdam
97%
Bolivia Seat of national executive, legislative, and electoral bodies La Paz
97%
South Africa Legislative capital Cape Town
95%
Malaysia Official and royal capital; seat of national legislature Kuala Lumpur
95%
South Africa Administrative and executive capital Pretoria
93%
Bolivia Official (constitutional) capital; seat of national judiciary Sucre
93%
Sri Lanka Commercial capital and seat of national executive and judicial bodies Colombo
87%
Yemen Internationally recognized capital, occupied by the Houthis Sana'a
87%
South Africa Judicial capital Bloemfontein
84%
Montenegro Official capital Podgorica
84%
Tanzania Official and legislative capital Dodoma
83%
Sri Lanka Administrative capital and seat of national legislature Sri Jayawardenepura Kotte
80%
Honduras De facto capital and one of two cities constituting the Municipality of the Central District, which is the official constitutional capital Tegucigalpa
80%
Netherlands Seat of government The Hague
80%
Benin Official capital; seat of legislature Porto-Novo
78%
Tanzania De facto seat of government; seat of judicial bodies Dar es Salaam
75%
Eswatini Administrative capital Mbabane
75%
Myanmar Official capital; seat of government Naypyidaw
75%
Cote d'Ivoire Official capital Yamoussoukro
70%
Burundi Official (constitutional) capital Gitega
69%
Benin De facto seat of government; seat of judicial bodies Cotonou
66%
Myanmar Commercial capital Yangon
62%
Cote d'Ivoire De facto seat of government Abidjan
56%
Burundi Seat of national executive Bujumbura
54%
Yemen Temporary capital Aden
39%
Chile Seat of national legislature Valparaiso
23%
Malaysia Administrative centre and seat of national judiciary Putrajaya
11%
Eswatini Legislative and royal capital Lobamba
10%
Western Sahara Declared capital Laayoune
9%
Montenegro Seat of President of Montenegro Cetinje
7%
Western Sahara Temporary capital Tifariti
5%
Honduras One of two cities constituting the Municipality of the Central District, which is the official constitutional capital Comayagüela
3%
No matching quizzes found
Score Distribution
Percent of People with Each Score
Percentile by Number Answered
Your Score History
You have not taken this quiz